000 00316nam a22001337a 4500
008 170405b xxu||||| |||| 00| 0 eng d
020 _a155664140
041 _aeng
080 _a616.34
100 _a9
101 _aSHM
245 _aCURRENT THERAPY IN GASTROENTEROLOGY AND LIVER DISEASE
_cBAYLESS
942 _2udc
_cBK
999 _c9844
_d9844